[Event "Basses Vallees Angevines op 4th"]
[Site "Cantenay Epinard"]
[Date "2015.12.19"]
[Round "3"]
[White "Lucazeau, Alain"]
[Black "Aumont, Tom"]
[Result "0-1"]
[WhiteElo "1508"]
[BlackElo "1713"]
[PlyCount "34"]
[EventDate "2015.12.19"]
[EventType "swiss"]
[EventRounds "5"]
[EventCountry "FRA"]
[SourceTitle "EXT 2019"]
[Source "ChessBase"]
[SourceDate "2018.10.10"]
[SourceVersion "1"]
[SourceVersionDate "2018.10.10"]
[SourceQuality "1"]

1. d4 f5 2. Nc3 Nf6 3. g3 g6 4. Bg2 Bg7 5. Nf3 0-0 6. 0-0 d6 7. Re1 Nc6 8. Bg5 e5 9. d5 Ne7 10. e4 fxe4 11. Nxe4 Nxe4 12. Rxe4 Bf5 13. Re1 h6 14. Bxe7 Qxe7 15. c4 Bg4 16. Qd3 Qf7 17. Qe3 Bxf3 0-1

[Event "Basses Vallees Angevines op 4th"]
[Site "Cantenay Epinard"]
[Date "2015.12.19"]
[Round "2"]
[White "Vernerey, Laurent"]
[Black "Lucazeau, Alain"]
[Result "1-0"]
[WhiteElo "1909"]
[BlackElo "1508"]
[PlyCount "41"]
[EventDate "2015.12.19"]
[EventType "swiss"]
[EventRounds "5"]
[EventCountry "FRA"]
[SourceTitle "EXT 2019"]
[Source "ChessBase"]
[SourceDate "2018.10.10"]
[SourceVersion "1"]
[SourceVersionDate "2018.10.10"]
[SourceQuality "1"]

1. e4 e5 2. Nf3 Nc6 3. Bb5 d6 4. c3 Bd7 5. 0-0 Be7 6. d4 exd4 7. cxd4 a6 8. Ba4 Nf6 9. Qe2 0-0 10. Rd1 b5 11. Bb3 a5 12. e5 dxe5 13. dxe5 Qc8 14. exf6 Bxf6 15. Nc3 Re8 16. Qd3 Ne5 17. Nxe5 Rxe5 18. Bf4 Bf5 19. Qg3 Rc5 20. Nd5 Ra6 21. Be5 1-0

[Event "Mont de Marsan op 9th"]
[Site "Mont de Marsan"]
[Date "2012.12.27"]
[Round "4"]
[White "Lucazeau, Alain"]
[Black "Pedarrieu, Gerard"]
[Result "0-1"]
[WhiteElo "1661"]
[BlackElo "1476"]
[PlyCount "126"]
[EventDate "2012.12.27"]
[EventType "swiss"]
[EventRounds "9"]
[EventCountry "FRA"]
[SourceTitle "CBM 152 Extra"]
[Source "ChessBase"]
[SourceDate "2013.02.25"]
[SourceVersion "1"]
[SourceVersionDate "2013.02.25"]
[SourceQuality "1"]

1. e4 e5 2. f4 exf4 3. Nf3 d6 4. Bc4 Be6 5. Bxe6 fxe6 6. d4 g5 7. 0-0 h6 8. Nc3 Nd7 9. Qd3 Ne7 10. Qb5 Rb8 11. Bxf4 c6 12. Qb4 gxf4 13. Qxd6 Rg8 14. Qxf4 Rg6 15. e5 Nd5 16. Nxd5 cxd5 17. Nh4 Rg7 18. Ng6 Qg5 19. Qxg5 hxg5 20. Nxf8 Nxf8 21. Rf3 Ng6 22. Raf1 Ke7 23. Rc3 Nf4 24. Rf2 Kd8 25. Kf1 Rc8 26. Rcf3 Ng6 27. c3 Rc6 28. Ke1 Ke7 29. Kd1 Rc8 30. g3 Rf8 31. Rf6 Rgg8 32. Kd2 Rg7 33. Kd3 Rgf7 34. Rxf7+ Rxf7 35. Rxf7+ Kxf7 36. c4 b6 37. b4 dxc4+ 38. Kxc4 a6 39. a4 Ke8 40. a5 bxa5 41. bxa5 Kd7 42. Kc5 Kc7 43. h3 Nf8 44. h4 gxh4 45. gxh4 Nd7+ 46. Kc4 Kc6 47. h5 Nf8 48. h6 Nh7 49. d5+ exd5+ 50. Kd4 Nf8 51. Kd3 Kd7 52. Ke3 Ke6 53. Kd4 Nh7 54. Kc5 Kxe5 55. Kb6 d4 56. Kxa6 d3 57. Kb7 d2 58. a6 d1Q 59. a7 Qd7+ 60. Kb8 Kd6 61. a8N Qb5+ 62. Ka7 Kc6 63. Nc7 Qb7# 0-1